| 000 | 00524nam a2200193 a 4500 | ||
|---|---|---|---|
| 001 | 4252 | ||
| 003 | CDMR | ||
| 005 | 20130319185947.0 | ||
| 008 | 130130s1993||||||||||||||||||||||||||||d | ||
| 020 | _a8430923489 | ||
| 040 |
_aCDMR _bcat _cCDMR |
||
| 245 | 0 | 0 | _aConstitución Española |
| 250 | _a6ª ed. | ||
| 260 |
_aMadrid _c1993 _bTecnos |
||
| 300 |
_a159 p ; _c17 cm |
||
| 490 | 0 |
_aBiblioteca de Textos Legales. Derecho político y constitucional _v13 |
|
| 700 | 1 |
_aLópez Guerra, Lluís _eed. lit. _92720 |
|
| 942 |
_cMON _2udc |
||
| 999 |
_c4252 _d4252 |
||